La ciudad abierta de Amereida: arquitectura desde la hospitalidad
Tallennettuna:
| Päätekijä: | |
|---|---|
| Aineistotyyppi: | Kirja |
| Kieli: | espanja |
| Julkaistu: |
Académica Española
2011
|
| Aiheet: | |
| Tagit: |
Lisää tagi
Ei tageja, Lisää ensimmäinen tagi!
|
MARC
| LEADER | 00000cam a2200000 a 4500 | ||
|---|---|---|---|
| 001 | UCG9965 | ||
| 003 | CL-VaPUC | ||
| 008 | 120420e20110000GW |||||||||||||||||spa|d | ||
| 020 | |a 9783847355427 | ||
| 082 | 0 | 4 | |a 725.8 |b CAR |2 21 |
| 100 | |a Cáraves Silva, Patricio |e autor |9 709220 | ||
| 245 | 1 | 3 | |a La ciudad abierta de Amereida: arquitectura desde la hospitalidad |
| 300 | |a 238 p | ||
| 942 | |c BK | ||
| 945 | |d 20120420 00:00:00 |a dcastane | ||
| 260 | |b Académica Española |c 2011 | ||
| 600 | 0 | 7 | |a AMEREIDA |2 CL-VaPUC |9 490258 |
| 650 | 7 | |a HOSPEDERIA GIGANTE |2 CL-VaPUC |9 561748 | |
| 650 | 0 | |a Ciudad Abierta |9 390391 | |
| 650 | 0 | |a Hospitalidad |9 559817 | |
| 650 | 0 | |a Arquitectura |9 804558 | |
| 650 | 0 | |a Diseño arquitectónico |9 265271 | |
| 583 | |a last modification |c 20130327 11:45:36 |k Rodrigo Vera | ||
| 999 | |c 347490 |d 347488 | ||
| 952 | |0 0 |1 0 |4 0 |6 725_800000000000000_CAR_2011 |7 0 |8 R |9 448870 |a BIBARQ |b BIBARQ |d 2019-11-22 |i 4856058 |o 725.8 CAR 2011 |p 4856058 |r 2025-01-20 |w 2019-11-22 |y BK_R |k ARQ | ||
| 952 | |0 0 |1 0 |4 0 |6 725_800000000000000_CAR_2011 |7 0 |8 R |9 448871 |a BIBARQ |b BIBARQ |d 2019-11-22 |i 4856066 |l 1 |o 725.8 CAR 2011 |p 4856066 |r 2025-05-06 |s 2025-05-06 |w 2019-11-22 |y BK_R |k ARQ | ||
| 952 | |0 0 |1 0 |4 0 |6 725_800000000000000_CAR_2011 |7 0 |8 X |9 448872 |a FDOBUD |b FDOBUD |d 2019-11-22 |i 4861353 |o 725.8 CAR 2011 |p 4861353 |r 2019-11-22 |w 2019-11-22 |y BK_X |k FHP | ||